000 00666nam a22002057i 4500
999 _c23217
_d23217
003 AR-CdUCM
008 250220b20232023ii ||||| |||| 00| 0 ii d
020 _a978-9974-744-67-7
040 _aMUNICIPALIDAD PROVINCIAL DEL CUSCO
_cBIBLIOTECA MUNICIPAL DEL CUSCO
041 _hii
082 _aPI / 303 / B85
_bB85
110 _aBrijbasi Art Press Limeted
_951033
245 _aAkin el león :
_bHistorias de Animales /
260 _aIndia :
_bLatinbooks International S.A.
_c2023
300 _a12 páginas. :
_c29x20 cm.
505 _aAkin el león -- Historias de animales
856 _fwww.latinbooksint.com
942 _2ddc
_cLIBROS
945 _apbjr
_d20-02-2025